Les pays modernes les plus peuplés de l'an 1000 - Statistiques

Statistiques générales
  • Ce quiz a été pris 929 fois
  • Le résultat moyen est 13 sur 17
Statistiques - réponses
Population Pays % Correct
5 m France
99%
58 m Chine
98%
4 m Espagne
93%
73 m Inde
93%
4 m Italie
93%
3 m Allemagne
92%
6 m Japon
87%
7 m Turquie
86%
4 m Égypte
85%
4 m Iran
79%
4 m Pakistan
67%
5 m Indonésie
64%
6 m Mexique
62%
9 m Bangladesh
50%
3 m Pérou
42%
4 m Nigeria
36%
3 m Soudan
25%
Aucun quiz correspondant
Distribution des résultats
% des personnes avec chaque résultat
Percentile par nombre de réponses
Votre historique - résultats
Vous n’avez pas pris ce quiz